000 00309nam a22001337a 4500
008 230418b ||||| |||| 00| 0 eng d
041 _aSERBISHT
080 _a616.0
082 _a616.0ZIV
100 _a11
101 _aREUMA
245 _aRADIOLOSKI ATLA REUMATICNIH BOLEST
_cZIVKOVIC .M
942 _2udc
_cBK
999 _c59574
_d59574